ûViva la revolución y la patria! : Partido comunista de Chile y nacionalismo (1921-1926) /

Las interpretaciones históricas de los partidos comunistas tienden a remarcar las influencias y factores internacionales en la definición de sus líneas y accionar político. Esto especialmente ocurre en el período de existencia de la III Internacional -o Komintern- que tuvo una notable ingerencia en...

Full description

Bibliographic Details
Main Author: Alvarez Vallejos, Rolando
Format: Analitica de revista
Language:Spanish
Published: Santiago, Chile Universidad de Santiago de Chile 2003
Subjects:

MARC

LEADER 00000cab a2200000 a 4500
001 040857
003 UAHC_CL
005 20180731121752.0
008 071204s2003 cl 000 spa
952 |0 0  |1 0  |4 0  |6 REV___HIST__SOC__MENTALIDADES02_03_000000000000000  |7 0  |8 General  |9 76639  |a BC  |b BC  |c General  |d 2017-08-03  |l 0  |o REV. HIST. SOC. MENTALIDADES-02/03  |p FICTICIO6486  |r 2019-01-08 00:00:00  |t 1  |w 2017-08-03  |y REVA 
999 |c 40857  |d 40857 
040 |a UAHC_CL  |c UAHC_CL  |d UAHC_CL 
100 1 |a Alvarez Vallejos, Rolando 
245 1 0 |a ûViva la revolución y la patria! :  |b Partido comunista de Chile y nacionalismo (1921-1926) /  |c Rolando Alvarez Vallejos. 
260 |b Universidad de Santiago de Chile  |c 2003  |a Santiago, Chile 
300 |a pp. 25-44 
500 |a En: Revista de Historia Social y de las Mentalidades. Año nº7, vol. 2, 2003. pp. 25-44. ISSN:0717-5248. 
520 |a Las interpretaciones históricas de los partidos comunistas tienden a remarcar las influencias y factores internacionales en la definición de sus líneas y accionar político. Esto especialmente ocurre en el período de existencia de la III Internacional -o Komintern- que tuvo una notable ingerencia en los partidos comunistas de todo el mundo. Desde otra óptica, sin desconocer la influencia internacional, este artículo propone que en el caso del Partido Comunista de Chile, la articulación de un discurso de corte nacionalista fue un elemento importante en su elaboración y actuar político desde un período tan temprano como los años veinte. Esto habría permitido a los comunistas chilenos ganar presencia y respaldo en los sectores populares organizados, receptivos a los discursos nacionalistas. 
521 |a Periodismo y literatura 
521 |a Antropología general 
653 |a PERIODISMO 
653 |a ANTROPOLOGIA 
658 |a Poblete Alday, Patricia 
658 |a Campos, Luis 
773 0 |t Revista de interculturalidad  |w 040998 
900 |a REV. HIST. SOC. MENTALIDADES-02/03 
942 |c REVA  |2 ddc